Normal view
MARC view
Entry Personal Name
001 - CONTROL NUMBER
- control field: 14994
003 - CONTROL NUMBER IDENTIFIER
- control field: dpl
005 - DATE AND TIME OF LATEST TRANSACTION
- control field: 20100818162255.0
008 - FIXED-LENGTH DATA ELEMENTS
- fixed length control field: 100818|||a|||||| | ||| d
040 ## - CATALOGING SOURCE
- Original cataloging agency: dpl
- Transcribing agency: dpl
100 ## - HEADING--PERSONAL NAME
- Personal name: Ray, Siddhartha Guha
670 ## - SOURCE DATA FOUND
- Source citation: Work cat.: (dpl): Ray, Siddhartha Guha, Mordern Europe 1789-1945 /, 2010
670 ## - SOURCE DATA FOUND
- Source citation: Work cat.: (dpl): Ray, Siddhartha Guha, Mordern Europe 1789-1945 /, 2010
